Urología / (Registro nro. 22536)
[ vista simple ]
| 000 -LEADER | |
|---|---|
| fixed length control field | 01671nam a2200361 4500 |
| 003 - CONTROL NUMBER IDENTIFIER | |
| control field | CO-CtgCURN |
| 005 - DATE AND TIME OF LATEST TRANSACTION | |
| control field | 20250331185207.0 |
| 007 - PHYSICAL DESCRIPTION FIXED FIELD--GENERAL INFORMATION | |
| fixed length control field | ta |
| 008 - FIXED-LENGTH DATA ELEMENTS--GENERAL INFORMATION | |
| fixed length control field | 160627s2001 000 0 eng d |
| 020 ## - INTERNATIONAL STANDARD BOOK NUMBER | |
| International Standard Book Number | 9586558274 |
| 040 ## - CATALOGING SOURCE | |
| Original cataloging agency | CO-CtgCURN |
| Language of cataloging | spa |
| Transcribing agency | coctgcurn |
| 082 0# - DEWEY DECIMAL CLASSIFICATION NUMBER | |
| Classification number | 616.6 U78 |
| Item number | U78 |
| 245 00 - TITLE STATEMENT | |
| Title | Urología / |
| Statement of responsibility, etc. | Juan Fernando Arango López de Mesa ... [et al.] ; editores Jesús de los Ríos Osorio y Soledad de los Ríos Osorio. |
| 260 ## - PUBLICATION, DISTRIBUTION, ETC. | |
| Place of publication, distribution, etc. | Medellin : |
| Name of publisher, distributor, etc. | Universidad de Antioquia, |
| Date of publication, distribution, etc. | 2001. |
| 300 ## - PHYSICAL DESCRIPTION | |
| Extent | xxiv, 576 p : |
| Other physical details | il., fot., diagrs. |
| 336 ## - CONTENT TYPE | |
| Source | rdacontent |
| 337 ## - MEDIA TYPE | |
| Source | rdamedia |
| Media type term | sin mediacion |
| Media type code | n |
| 338 ## - CARRIER TYPE | |
| Source | rdacarrier |
| Carrier type term | volumen |
| Carrier type code | nc |
| 490 1# - SERIES STATEMENT | |
| Series statement | Yuluka. Medicina. Cirugia |
| 504 ## - BIBLIOGRAPHY, ETC. NOTE | |
| Bibliography, etc. note | Referencias bibiograficas al final de cada capitulo. |
| 505 8# - FORMATTED CONTENTS NOTE | |
| Formatted contents note | Enfermedades infeccioas genitourinarias.--Uropatía obstructiva alta-litiasis del tracto urinario.--Tumores del tracto genitourinario.--Trauma genitourinario.--Patología funcional de vejiga.--Patología benigna de la próstata.--Patología del pene.--Patología escrotal benigna.--Infertilidad.--Urología infantil.--Laparoscopia, complicaciones y derivaciones |
| 650 14 - SUBJECT ADDED ENTRY--TOPICAL TERM | |
| Topical term or geographic name entry element | Enfermedades del aparato urinario. |
| 650 14 - SUBJECT ADDED ENTRY--TOPICAL TERM | |
| Topical term or geographic name entry element | Enfermedades de la vejiga. |
| 650 14 - SUBJECT ADDED ENTRY--TOPICAL TERM | |
| Topical term or geographic name entry element | Enfermedades de la próstata. |
| 700 1# - ADDED ENTRY--PERSONAL NAME | |
| Personal name | Arango López de Mesa, Juan Fernando. |
| 700 1# - ADDED ENTRY--PERSONAL NAME | |
| Personal name | Arango Zuluaga, Juan Francisco. |
| 700 1# - ADDED ENTRY--PERSONAL NAME | |
| Personal name | Arenas Arévalo, Arturo. |
| 700 1# - ADDED ENTRY--PERSONAL NAME | |
| Personal name | Ríos Osorio, Jesus de los, |
| Relator term | editor. |
| 700 1# - ADDED ENTRY--PERSONAL NAME | |
| Personal name | Ríos Osorio, Soledad de los, |
| Relator term | editor. |
| 908 ## - PUT COMMAND PARAMETER (RLIN) | |
| Put command parameter | 160627 |
| 942 ## - ADDED ENTRY ELEMENTS (KOHA) | |
| Koha item type | Libros |
| Classification part | 616.6 U78 |
| Item part | U78 |
| Source of classification or shelving scheme | Dewey Decimal Classification |
| Withdrawn status | Lost status | Source of classification or shelving scheme | Damaged status | Not for loan | Collection | Home library | Current library | Shelving location | Date acquired | Inventory number | Total checkouts | Full call number | Barcode | Date last seen | Copy number | Price effective from | Koha item type | Public note |
|---|---|---|---|---|---|---|---|---|---|---|---|---|---|---|---|---|---|---|
| Dewey Decimal Classification | General | Miguel Henríquez Emiliani | Miguel Henríquez Emiliani | General | 03/31/2025 | 013426 | 616.6 U78 | 013426 | 03/31/2025 | ej.1 | 03/31/2025 | Libros | 610-CIENME |